Statistics for Countries with the Least Healthy Food

Click here to take the quiz!

General Stats

  • This quiz has been taken 95 times
  • The average score is 4 of 10

Answer Stats

HintAnswer% Correct
2Hungary
52%
10Slovakia
44%
4Czech Republic
42%
5Kazakhstan
42%
9Mongolia
39%
7Argentina
38%
3Belgium
38%
8Turkmenistan
38%
6Belarus
37%
1Armenia
28%

Score Distribution

Percentile by Number Answered

Percent of People with Each Score

Your Score History

You have not taken this quiz